ROOMS: Low Detailed Picture Quiz - G-Section - Statistics

General Stats
  • This quiz has been taken 75 times
  • The average score is 21 of 33
Answer Stats
Picture Answer % Correct
Angryman
96%
G-1
78%
G-26
78%
G-60
78%
G-100
76%
G-3
76%
G-88
76%
G-122
73%
G-55
73%
CG-55
71%
Sleepyman
71%
Microman
67%
Superman
65%
YE-88
65%
FA-122
63%
OR-88
63%
PK-88
63%
G-159
61%
G-200
61%
G-177
59%
G-222
59%
G-235
59%
G-250
57%
G-300
57%
GW-122
55%
MS-122
53%
BG-122
51%
JE-122
51%
GB-122
47%
UGF-122
47%
MAR-222
45%
TE-222
45%
SPI-222
41%
No matching quizzes found
Score Distribution
Percent of People with Each Score
Percentile by Number Answered
Your Score History
You have not taken this quiz